• 首页
  • 本馆介绍
  • 公告通知
  • 最新文献
  • 馆藏检索
  • 电子资源
  • 读者导购
  • 参考咨询
  • 我的图书馆
  • 登录
  • 详细信息显示
  • 放入我的书架
  • 预约/预借图书
  • 作者相关作品
  • 分类相关作品
  • 丛书相关作品
  • 出版社相关作品

书目信息

  • 表格格式
  • 工作单格式
  • 卡片格式
题名:
朱莉亚
    
 
作者: ;中国电影出版社 编
分册:  
出版信息: 北京   中国电影出版社  1980
页数: 117页
开本: 21cm
丛书名:
单 册:
中图分类: I207.35
科图分类:
主题词: 文学--中国
电子资源:
ISBN:
000 00560nam0 2200193 45
001 0404141888
005 20060227111811.59
010    @dCNY0.57
091    @a8061.1408
100    @a20040414d1980 km y0chiy0120 ea
101 0  @achi
200 1  @a朱莉亚@AZhu Li Ya@f中国电影出版社编@Fzhong guo dian ying chu ban she bian
210    @a北京@c中国电影出版社@d1980
215    @a117页@d21cm
606 0  @a文学@x中国
690    @aI207.35@v3
711  0 @a中国电影出版社@Azhong guo dian ying chu ban she@4编
801    @aCN@bPftUser@c20060227
905    @f1@b29561@dI207.35@e4
    
    朱莉亚/中国电影出版社编.-北京:中国电影出版社,1980
    117页;21cm
    
    
    ISBN :CNY0.57
    
●
相关链接 在E读中查询图书 在五车中查询图书 在当当中查询图书 在豆瓣中查询图书


正题名:朱莉亚     索取号:I207.35/4         预约/预借

序号 登录号 条形码 馆藏地/架位号 状态 备注
1 0029561   000539563   第二借阅区/ [索取号:I207.35/4] 在馆    
2 0029563   202199717   密集书库/ [索取号:I207.35/4] 在馆    
3 0029564   000546699   第一样本阅览室/ [索取号:I207.35/4] 在馆    
唐山师范学院图书馆 欢迎您!
大连网信软件有限公司© 版权所有